000 00316nam a22001337a 4500
008 170829b xxu||||| |||| 00| 0 eng d
020 _a0534521290
041 _aeng
080 _a070
100 _a39
101 _aMED
245 _aCOMMUNICATIONS MEDIA IN THE INFORMATION SOCIETY
_cSTRAUBHAAR,J
942 _2udc
_cBK
999 _c25444
_d25444